00657nam a22001697a 450000500170000002000270001708200150004410000320005924500890009125000100018026000420019027000600023230000210029294200220031399900190033595201330035420230927122435.0 a9789390649969c1295.00 a7962First aKadhiravan, Vasanthi957546 aScientific Aspects of Physical Education and Sports Science/cby Vasanthi Kadhiravan aFirst aNew DelhibFriends Publication c2021 a101, 4787/23, Ansari Road, DaryaganjbNew Delhie110002 a246p.c25cm(hbk) 2ddccENh796mKAD c198597d198597 001040708NFICaMbMd2023-09-27eGIFT/4.09.23g1295.00l0o796 KADpB-755886r2023-09-27 00:00:00t1v1295.00w2023-09-27yEN